00897nam a22001817a 4500952010500000999001900105008004100124020001800165050002400183100004100207245010500248260007200353300001800425505018000443519004300623650003700666942001200703 00102lcc4070a08b08d2019-03-07l0oKGF3031 R616 2007p08 006915r2019-04-06t1w2019-04-06yLB c104039d104039190406s2007 mx ||||| |||| 00| 0 spa d a978970701924904aKGF3031 bR616 2007 0aRiva Palacio López, Antonioeautor13aLa reforma política y la legislatura del H. congreso de la uniónc/ Antonio Riva Palacio López aMéxicob: Cámara de Diputados, LX Legislatura; Porrúac, 2007 a267 páginas aIniciativa de reforma constitucional Dictamen con proyecto de decreto Discusión en lo general Debate en lo particular Epílogo Iintegrantes de la L. Ligeslatura (1976-1979) aMaterial Complementario /d(08 006915)10aPARTIDOS POLÍTICOS zMÉXICO  cLB2lcc